Name This Famous Person - Art - Statistics

General Stats
  • This quiz has been taken 31 times
  • The average score is 8 of 16
Answer Stats
Picture Answer % Correct
Andy Warhol
96%
Salvador Dali
96%
Pablo Picasso
93%
Leonardo da Vinci
82%
Rembrandt van Rijn
79%
Jackson Pollock
54%
Claude Monet
50%
Jean-Michel Basquiat
50%
Keith Haring
32%
Vincent van Gogh
32%
Michelangelo
29%
Raffael
25%
William Turner
18%
Henri Matisse
11%
Mark Rothko
11%
Rene Magritte
11%
No matching quizzes found
Score Distribution
Percent of People with Each Score
Percentile by Number Answered
Your Score History
You have not taken this quiz